000
00314nam a22001337a 4500
008
180927b xxu||||| |||| 00| 0 eng d
020
_a
9780393337198
041
_a
eng
080
_a
574
100
_a
10
101
_a
MJE
245
_a
Plan B4.0 Mobilizing To Save Civilzation
_c
Brown.L.R
942
_2
udc
_c
BK
999
_c
48547
_d
48547